Teorías físicas : Relatividad, cuántica y big-bang.

Guardado en:
Formato: Deslizar
Series:Educable
Materias:
LUZ
Etiquetas: Agregar Etiqueta
Sin Etiquetas, Sea el primero en etiquetar este registro!
LEADER 00972ngm a22003015g 4500
001 CEM.cems022309
008 130507b1997##################0###0#####d
005 20241028170315.0
245 0 0 |a Teorías físicas :  |b Relatividad, cuántica y big-bang. 
300 |a 21'. 
490 0 |a Educable 
500 |a En soporte VHS, consultar en ventanilla. 
505 0 |a Postulados de Galileo. Movimiento y reposo: relatividad. Einstein. La luz y la materia. El quantum. Teoría del big-bang. Las galaxias. 
538 |a Soporte: VHS - Norma: Pal N - Color: Si - Grabación DRD 1997 - Hitachi=0000 
082 5 3 |/ EGB 
653 |a FISICA 
653 |a RELATIVIDAD 
653 |a CUANTICA 
653 |a BIG-BANG 
653 |a GALILEO 
653 |a EINSTEIN 
653 |a MATERIA 
653 |a QUANTUM 
653 |a GALAXIAS 
653 |a LUZ 
653 |a NIVEL PRIMARIO 
653 |a NIVEL SECUNDARIO 
859 |a CEMS  |b BIB. CEMS - Depto. Recursos Didacticos  |h 537  |i EGB  |k DRD  |p 952.12  |t Ej.1